000 00523nam a2200205Ia 4500
008 170918s9999 xx 000 0 und d
020 _a9780545392167
050 _bS595 2012
100 _aSimon, Jenne
245 4 _aThe ballet recital /
245 _cby Jenne Simon ; illustrated by Preschool Hill.
260 _aNew York :
260 _bScholastic,
260 _c2012
300 _a30 pages :
300 _bcolored illustration ;
300 _c22cm.
300 _eScholastic reader level 2.
500 _a350
999 _c343193
_d343193